| 000 | 00801nam a2200217 i 4500 | ||
|---|---|---|---|
| 001 | 115376 | ||
| 003 | ES-MaACL | ||
| 005 | 20250825062551.0 | ||
| 007 | t| | ||
| 008 | 070307s1931 sp ||||1| spa d | ||
| 080 | _a821.134.2-23"19" | ||
| 100 | 1 |
_aPereda, Vicente de. _990453 |
|
| 245 | 1 | 3 |
_aEl anillo de Saturno _b: comedia en tres actos / _cVicente de Pereda. |
| 260 |
_aMadrid : _bPrensa Moderna, _c1931. |
||
| 300 |
_a48 p. ; _c17 cm. |
||
| 490 | 1 |
_aEl Teatro moderno ; _v289 |
|
| 500 | _aEstrenada en Madrid, en el teatro Infanta Beatriz, el día 27 de febrero de 1931, por la compañía titular de dicho teatro, dirigida por Ricardo Galache y María Luisa Romero. | ||
| 830 | 0 | 3 |
_aEl teatro moderno (Prensa Moderna) _v289 _9182365 |
| 852 |
_aES-MaACL _jC-13132 |
||
| 999 |
_c115376 _d115376 |
||